02511 2201069 4500001002100000005001500021035002000036007000300056008004100059020002200100082000800122084001900130100001600149245002800165260003100193300001700224990001600241990001600257990001600273990001600289990001600305990001600321990001600337990001600353990001600369990001600385990001600401990001600417990001600433990001600449990001600465990001600481990001600497990001600513990001600529990001600545990001600561990001600577990001600593990001600609990001600625990001600641990001600657990001600673990001600689990001600705990001600721990001600737990001600753990001600769990001600785990001600801990001600817990001600833990001600849990001600865990001600881990001600897990001600913990001600929990001600945990001600961990001600977990001600993990001601009990001601025990001601041990001601057990001601073990001601089990001601105990001601121990001601137990001601153990001601169990001601185990001601201990001601217990001601233990001601249990001601265990001601281990001601297990001601313990001601329990001601345990001601361990001601377990001601393990001601409990001601425INLIS00000000000181020240826083545 a0010-0824000016ta240826 g 0 ind  a978-623-266-816-4 a330 a330 ALA e.c.750 aAlam S, dkk1 aEkonomi Kelas XI Kurmer aJakarta :bErlangga,c2023 a324 ;c25 cm a2024/P/1019 a2024/P/1020 a2024/P/1021 a2024/P/1022 a2024/P/1023 a2024/P/1024 a2024/P/1025 a2024/P/1026 a2024/P/1027 a2024/P/1028 a2024/P/1029 a2024/P/1030 a2024/P/1031 a2024/P/1032 a2024/P/1033 a2024/P/1034 a2024/P/1035 a2024/P/1036 a2024/P/1037 a2024/P/1038 a2024/P/1039 a2024/P/1040 a2024/P/1041 a2024/P/1042 a2024/P/1043 a2024/P/1044 a2024/P/1045 a2024/P/1046 a2024/P/1047 a2024/P/1048 a2024/P/1049 a2024/P/1050 a2024/P/1051 a2024/P/1052 a2024/P/1053 a2024/P/1054 a2024/P/1055 a2024/P/1056 a2024/P/1057 a2024/P/1058 a2024/P/1059 a2024/P/1060 a2024/P/1061 a2024/P/1062 a2024/P/1063 a2024/P/1064 a2024/P/1065 a2024/P/1066 a2024/P/1067 a2024/P/1068 a2024/P/1069 a2024/P/1070 a2024/P/1071 a2024/P/1072 a2024/P/1073 a2024/P/1074 a2024/P/1075 a2024/P/1076 a2024/P/1077 a2024/P/1078 a2024/P/1079 a2024/P/1080 a2024/P/1081 a2024/P/1082 a2024/P/1083 a2024/P/1084 a2024/P/1085 a2024/P/1086 a2024/P/1087 a2024/P/1088 a2024/P/1089 a2024/P/1090 a2024/P/1091 a2024/P/1092 a2024/P/1093